| 000 | 01290cam a2200361 i 4500 | ||
|---|---|---|---|
| 001 | 63774 | ||
| 003 | Mx-PuUPA | ||
| 005 | 20240812091030.0 | ||
| 008 | 151209s2013 mx gr 000 0 spa d | ||
| 020 | _a9786071615077 | ||
| 040 |
_aMX-PuUPA _bspa _erda _cMx-PuUPA _dMx-PuUPA |
||
| 041 | 1 |
_aspa _heng |
|
| 100 | 1 |
_aBauman, Zygmunt, _d1925-2017 _eautor _96292 |
|
| 240 | 1 | 0 |
_aCulture in a liquid modern world. _lEspañol |
| 245 | 1 | 3 |
_aLa cultura en el mundo de la modernidad líquida / _cZygmunt Bauman ; traducción, Lilia Mosconi |
| 250 | _aPrimera edición | ||
| 264 | 1 |
_aCiudad de México : _bFondo de Cultura Económica, _c2013 |
|
| 300 |
_a101 páginas ; _c21 cm |
||
| 336 |
_atexto _2rdacontent _btxt |
||
| 337 |
_asin medio _2rdamedia _bn |
||
| 338 |
_avolumen _2rdacarrier _bnc |
||
| 490 | 0 | _aColección Sociología | |
| 650 | 7 |
_aCultura _xCrítica e interpretación _2armarc |
|
| 650 | 7 |
_aCultura _xGlobalización _2armarc |
|
| 650 | 7 |
_aCultura _zEuropa _2armarc |
|
| 650 | 7 |
_aSociología _2armarc |
|
| 700 | 1 |
_aMosconi, Lilia, _etraductor |
|
| 765 | 0 |
_aBauman, Zygmunt, 1925-2017 _tCulture in a líquid modern world. _dCambridge : Polity Press, 2011 |
|
| 942 |
_2ddc _cLI _h306.1 _iB337 |
||
| 999 |
_c63774 _d63774 |
||